| 000 | 00737nam a2200205Ia 4500 | ||
|---|---|---|---|
| 003 | GCL | ||
| 008 | 140319s9999 xx 000 0 ara d | ||
| 040 |
_aGCL / _cGCL |
||
| 082 | 0 | 4 |
_a412 _bا م |
| 100 | 1 | _aحسن محمود الشافعى | |
| 245 | 1 | 0 |
_aالمبين فى شرح معانى الفاظ الحكماء والمتكلمين / _cحسن محمود الشافعى |
| 700 | 1 | _aالامدى، سيف الدين ابو الحسن على | |
| 300 | _a148 ص | ||
| 490 |
_aفى المصطلح الكلامى والفلسفى _v0 |
||
| 650 | 0 | 4 | _aالفلسفة الاسلامية |
| 650 | 0 | 4 | _aالمنطق الصورى |
| 650 | 0 | 4 | _aعلم الكلام |
| 650 | 0 | 4 | _aعلم الكلام - مصطلحات |
| 942 |
_2ddc _cBK |
||
| 999 |
_c37900 _d37900 |
||